Topic tackler for use with managerial accounting

Αποθηκεύτηκε σε:
Λεπτομέρειες βιβλιογραφικής εγγραφής
Κύριος συγγραφέας: Garrison, Ray H
Μορφή: Βιβλίο
Γλώσσα:Undetermined
Έκδοση: London McGraw-Hill 2003
Θέματα:
Ετικέτες: Προσθήκη ετικέτας
Δεν υπάρχουν, Καταχωρήστε ετικέτα πρώτοι!
Thư viện lưu trữ: Trung tâm Học liệu Trường Đại học Cần Thơ
LEADER 00543nam a2200181Ia 4500
001 CTU_172157
008 210402s9999 xx 000 0 und d
082 |a 658.1511 
082 |b G242 
100 |a Garrison, Ray H 
245 0 |a Topic tackler for use with managerial accounting 
245 0 |c Ray H Garrison, Eric W Noreen 
260 |a London 
260 |b McGraw-Hill 
260 |c 2003 
650 |a Managerial accounting,Quản lý kế toán 
904 |i Hồng Cẩm 
980 |a Trung tâm Học liệu Trường Đại học Cần Thơ